Preparémonos para el futuro / (Registro nro. 11965)
[ vista simple ]
| 000 -LEADER | |
|---|---|
| fixed length control field | 01284nam a2200253Ia 4500 |
| 003 - CONTROL NUMBER IDENTIFIER | |
| control field | OSt |
| 005 - DATE AND TIME OF LATEST TRANSACTION | |
| control field | 20210722121055.0 |
| 008 - FIXED-LENGTH DATA ELEMENTS--GENERAL INFORMATION | |
| fixed length control field | 130821s1979 ck gr spa |
| 040 ## - CATALOGING SOURCE | |
| Original cataloging agency | Co-BoUCM |
| Language of cataloging | spa |
| Transcribing agency | CO-JMCR |
| 041 0# - LANGUAGE CODE | |
| Language code of text/sound track or separate title | spa |
| 082 04 - DEWEY DECIMAL CLASSIFICATION NUMBER | |
| Classification number | 332.49861 / |
| Item number | C766p |
| Edition number | 23 |
| 111 2# - MAIN ENTRY--MEETING NAME | |
| Meeting name or jurisdiction name as entry element | Convención bancaria de instituciones financieras |
| Date of meeting or treaty signing | (1979 : |
| Location of meeting | Medellín) |
| 9 (RLIN) | 38644 |
| 245 10 - TITLE STATEMENT | |
| Title | Preparémonos para el futuro / |
| Statement of responsibility, etc. | Memorias de la XVII Convención Bancaria y de Instituciones Financieras, Medellín, octubre de 1979 |
| 260 ## - PUBLICATION, DISTRIBUTION, ETC. | |
| Place of publication, distribution, etc. | Bogotá (Colombia) : |
| Name of publisher, distributor, etc. | Asociación Bancaria de Colombia, |
| Date of publication, distribution, etc. | 1979. |
| 300 ## - PHYSICAL DESCRIPTION | |
| Extent | 121 páginas ; |
| Dimensions | 23 cm. |
| 490 0# - SERIES STATEMENT | |
| Series statement | Banca ; |
| Volume/sequential designation | 79 |
| 501 ## - WITH NOTE | |
| With note | Con: notas a pie de página. |
| 505 0# - FORMATTED CONTENTS NOTE | |
| Title | Una política de moneda sana. / |
| Statement of responsibility | Julio César Turbay Ayala. -- |
| Title | Una política económica en marcha. / |
| Statement of responsibility | Jaime García Parra. |
| Title | Preparémonos para el futuro. / |
| Statement of responsibility | Alfonso Dávila Ortiz. -- |
| Title | Estancamiento y retroceso del sector financiero. / |
| Statement of responsibility | Roberto Pardo. -- |
| Title | Función social de la banca. / |
| Statement of responsibility | Diego Tobón Arbelaez. -- |
| Title | El manejo de las reservas internacionales. / |
| Statement of responsibility | Geoffrey Bell. |
| 650 14 - SUBJECT ADDED ENTRY--TOPICAL TERM | |
| Topical term or geographic name entry element | Bancos |
| Geographic subdivision | Colombia |
| 9 (RLIN) | 9920 |
| 650 24 - SUBJECT ADDED ENTRY--TOPICAL TERM | |
| Topical term or geographic name entry element | Finanzas |
| 9 (RLIN) | 7628 |
| 650 24 - SUBJECT ADDED ENTRY--TOPICAL TERM | |
| Topical term or geographic name entry element | Finanzas |
| Geographic subdivision | Colombia |
| 9 (RLIN) | 7628 |
| 711 1# - ADDED ENTRY--MEETING NAME | |
| Meeting name or jurisdiction name as entry element | Asociación bancaria de Colombia |
| 9 (RLIN) | 38645 |
| 942 ## - ADDED ENTRY ELEMENTS (KOHA) | |
| Koha item type | Books |
| Source of classification or shelving scheme | Dewey Decimal Classification |
| Withdrawn status | Lost status | Source of classification or shelving scheme | Damaged status | Not for loan | Home library | Current library | Shelving location | Date acquired | Source of acquisition | Full call number | Barcode | Date last seen | Copy number | Price effective from | Koha item type |
|---|---|---|---|---|---|---|---|---|---|---|---|---|---|---|---|
| Dewey Decimal Classification | Biblioteca Pública José María del Castillo y Rada | Biblioteca Pública José María del Castillo y Rada | General Stacks | 04/15/2018 | Donación | 332.49861 / C766p | 430003152 | 05/16/2024 | Ej.1 | 03/10/2021 | Books |